Torquemada : a novel /

Saved in:
Bibliographic Details
Main Author: Fast, Howard, 1914-
Format: Book
Language:English
Published: London : Methuen, 1967, c1966.
LEADER 00727nam a2200205 a 4500
001 c000084095
003 CARM
005 19910819000000.0
008 910819c19671966enk 000 1 eng d
019 1 |a 8308917  |5 LACONCORD2021 
035 |a (OCoLC)3245857  |5 LACONCORD2021 
040 |a VLINC  |b eng  |c VLINC 
082 0 4 |a 813.52  |2 20 
100 1 |a Fast, Howard,  |d 1914- 
245 1 0 |a Torquemada :  |b a novel /  |c by Howard Fast. 
260 |a London :  |b Methuen,  |c 1967, c1966. 
300 |a 158 p. ;  |c 21 cm. 
852 8 |b CARM  |h A2:AG04G0  |i A01605  |p 0122344  |f BK 
999 f f |i f603a1b8-ccd8-56b6-a657-d08c9a472aef  |s a6f4d9e1-1643-54e7-9c9e-b5029db02ed6 
952 f f |p Can circulate  |a CAVAL  |b CAVAL  |c CAVAL  |d CARM 1 Store  |e A01605  |f A2:AG04G0  |h Other scheme  |i book  |m 0122344